| 000 | 00826cab a2200301 4500 | ||
|---|---|---|---|
| 001 | ABS56246 | ||
| 008 | 090401t1996 xxu||||| |||| 00| 0 eng d | ||
| 035 | _a(Sirsi) u22212 | ||
| 041 | _aeng | ||
| 100 | _aAndelman, B. | ||
| 245 | _aArea review: South Florida | ||
| 260 | _c1996 | ||
| 350 | _a0 | ||
| 490 |
_aNational Real Estate Investor _v38(9) September 1996, 96-99(4) |
||
| 650 | _aAIRPORT WEST | ||
| 650 | _aBROWARD COUNTY | ||
| 650 | _aDADE COUNTY | ||
| 650 | _aFLORIDA | ||
| 650 | _aMIAMI | ||
| 650 | _aPROPERTY-COMMERCIAL PROPERTY-OFFICE PROPERTY-OFFICE PROPERTY MARKET | ||
| 650 | _aPALM BEACH | ||
| 650 | _aTAMPA BAY | ||
| 650 | _aUNITED STATES | ||
| 690 | _aPROPERTY-COMMERCIAL PROPERTY-COMMERCIAL PROPERTY MARKET | ||
| 690 | _aOVERSEAS-NORTH AMERICA | ||
| 942 | _n0 | ||
| 948 | _c04/03/1997 | ||
| 999 |
_c14876 _d14876 |
||